| 000 | 01203cad a22002175a 4500 | ||
|---|---|---|---|
| 001 | L140299 | ||
| 008 | 070917e20070913xxk f s f000 0 eng d | ||
| 035 | _a(Sirsi) u140299 | ||
| 041 | 0 | _aeng | |
| 110 | 1 |
_aUnited Kingdom _bDepartment for Business, Enterprise and Regulatory Reform _95262 |
|
| 245 | 0 | 0 |
_aNew construction orders _bJuly 2007 _h[electronic resource] |
| 260 | _c2007 | ||
| 490 |
_aGNN Press Release _v(151535P) 13 September 2007 |
||
| 520 | _aIn the 12 months to July 2007, orders increased by 3% compared with the previous 12 months, but in the three months to July 2007, orders dropped by 4% compared to the same period in 2006. Orders in the three months to July 2007 were the same as the previous three months, with rises in public non-housing, infrastructure and public housing counterbalanced by decreases in private industrial, private housing and private commercial sectors. | ||
| 590 | _aKA | ||
| 650 | 2 | 4 | _aDBERR NEW CONSTRUCTION ORDERS |
| 651 | 4 |
_aGreat Britain _y1707- |
|
| 690 | _aBUILT ENVIRONMENT-CONSTRUCTION MARKET | ||
| 856 | 4 | 0 |
_uhttps://stats.bis.gov.uk/construction/neworders/200707/index.asp _zView the item free of charge at http://stats.bis.gov.uk |
| 942 | _n0 | ||
| 999 |
_c79244 _d79244 |
||